Lippincott Manual of Nursing Practice/ (Record no. 13568)
[ view plain ]
| 000 -LEADER | |
|---|---|
| fixed length control field | 01434cam a22003498a 4500 |
| 001 - CONTROL NUMBER | |
| control field | 15607160 |
| 005 - DATE AND TIME OF LATEST TRANSACTION | |
| control field | 20100218085401.0 |
| 008 - FIXED-LENGTH DATA ELEMENTS--GENERAL INFORMATION | |
| fixed length control field | 090129s2010 pau |dbf 001 0 eng |
| 010 ## - LIBRARY OF CONGRESS CONTROL NUMBER | |
| LC control number | 2009004111 |
| 020 ## - INTERNATIONAL STANDARD BOOK NUMBER | |
| International Standard Book Number | 9780781798334 (alk. paper) |
| 035 ## - SYSTEM CONTROL NUMBER | |
| System control number | (DNLM)101494794 |
| 040 ## - CATALOGING SOURCE | |
| Original cataloging agency | DNLM/DLC |
| Transcribing agency | DLC |
| 042 ## - AUTHENTICATION CODE | |
| Authentication code | pcc |
| 050 00 - LIBRARY OF CONGRESS CALL NUMBER | |
| Classification number | RT51 |
| Item number | .B78 2010 |
| 060 10 - NATIONAL LIBRARY OF MEDICINE CALL NUMBER | |
| Classification number | WY 49 |
| Item number | L765 2010 |
| 082 00 - DEWEY DECIMAL CLASSIFICATION NUMBER | |
| Classification number | 610.73 |
| Edition number | 22 |
| Item number | NUR |
| 245 00 - TITLE STATEMENT | |
| Title | Lippincott Manual of Nursing Practice/ |
| Statement of responsibility, etc | [edited by Sandra M. Nettina]. |
| 246 30 - VARYING FORM OF TITLE | |
| Title proper/short title | Manual of nursing practice |
| 250 ## - EDITION STATEMENT | |
| Edition statement | 9th ed. / |
| 260 ## - PUBLICATION, DISTRIBUTION, ETC. (IMPRINT) | |
| Place of publication, distribution, etc | Philadelphia : |
| Name of publisher, distributor, etc | Lippincott Williams & Wilkins, 2010 |
| Date of publication, distribution, etc | c2010. |
| 263 ## - PROJECTED PUBLICATION DATE | |
| Projected publication date | 0905 |
| 300 ## - PHYSICAL DESCRIPTION | |
| Extent | 1903p.: |
| Dimensions | Col. ill.; |
| Other physical details | 25 cm. |
| 504 ## - BIBLIOGRAPHY, ETC. NOTE | |
| Bibliography, etc | Includes bibliographical references and index. |
| 650 #0 - SUBJECT ADDED ENTRY--TOPICAL TERM | |
| Topical term or geographic name as entry element | Nursing |
| Form subdivision | Handbooks, manuals, etc. |
| 9 (RLIN) | 12169 |
| 650 12 - SUBJECT ADDED ENTRY--TOPICAL TERM | |
| Topical term or geographic name as entry element | Nursing Care |
| Form subdivision | Handbooks. |
| 9 (RLIN) | 12170 |
| 700 1# - ADDED ENTRY--PERSONAL NAME | |
| Personal name | Nettina, Sandra M. |
| 9 (RLIN) | 12171 |
| 710 2# - ADDED ENTRY--CORPORATE NAME | |
| Corporate name or jurisdiction name as entry element | Lippincott Williams & Wilkins. |
| 9 (RLIN) | 12172 |
| 942 ## - ADDED ENTRY ELEMENTS (KOHA) | |
| Source of classification or shelving scheme | Dewey Decimal Classification |
| Item type | |
| Withdrawn status | Item status | Source of classification or shelving scheme | Damaged status | Not for loan | Vendor | Home library | Current library | Shelving location | Date acquired | Source of acquisition | Cost, normal purchase price | Serial Enumeration / chronology | Total Checkouts | Full call number | Barcode | Date last seen | Date last borrowed | Koha item type | Total Renewals |
|---|---|---|---|---|---|---|---|---|---|---|---|---|---|---|---|---|---|---|---|
| Dewey Decimal Classification | Academic Bookshop | Central Library | Central Library | First floor | 03/03/2010 | 384.00 | 3698 | 5 | 610.73 NUR | 000020073 | 15/07/2025 | 27/11/2013 | NB - Book (Non borrowing) | ||||||
| Dewey Decimal Classification | Baccah | Central Library | Central Library | First floor | 03/05/2011 | 412.00 | 12149 | 6 | 610.73 NUR | 000023522 | 15/07/2025 | 19/02/2015 | Book - Borrowing | 9 |